000 01210nam a22003137a 4500
003 CHAP
005 20220817044439.0
008 110519s2001 pe a r 00010 spa d
010 _a101241
011 _a102213
035 _a112901
040 _cCHAP
090 _aFolleto 17961
110 2 _aInstituto Interamericano de Cooperacion para la Agricultura. Centro Regional Andino
_959214
245 1 3 _aEl Instituto Interamericano de Cooperacion para la Agricultura (IICA) y el deasarrollo rural alternativo :
_bmarco conceptual y estratégico
_c/por Instituto Interamericano de Cooperacion para la Agricultura. Centro Regional Andino
260 _aLima, Perú :
_bIICA. Centro Regional Andino,
_c2001
300 _a17 p. :
_bilus.
590 _aBATCH-UPD
_b10
_c20130110
_lUCH01
_h0958
590 _aBATCH-UPD
_b10
_c20130410
_lUCH01
_h0610
590 _aBATCH-UPD
_b10
_c20130914
_lUCH01
_h1157
590 _aCONVERSION
_b10
_c20130109
_lUCH01
_h1356
650 1 4 _aDesarrollo rural.
_932067
650 1 4 _aDesarrollo sustentable.
650 1 4 _aDrogas.
_934244
650 1 4 _aPlantas alucinógenas.
_988898
901 _aBK
942 _cFOLL
949 _aFolleto 17961
_bBC
_cFOLL
_d33724002126785
_eTS1
_i112901
_sb
999 _c101241
_d101241